| 000 | 00500 a2200145 4500 | ||
|---|---|---|---|
| 040 |
_aDLC _bDLC |
||
| 082 | _a297.63 | ||
| 100 | _aChaudhry, M. Arshad | ||
| 245 |
_aMoments of Reverence: A collection of poems on Life and Teachings of Prophet Muhammad (P.B.U.H) _cM. Arshad Chaudhry |
||
| 260 |
_aRawalpindi: Peshawar Road, _bServices Book Club _c1993. |
||
| 300 |
_axi, 79 p. ; _c24 cm. |
||
| 500 | _aIncludes Index | ||
| 650 | _a1.Islamic Poetry.2.Muhammad, Prophet d632 | ||
| 942 |
_cBK _k297.63 CHA _2ddc |
||
| 999 |
_c7802 _d7802 |
||